000
00198nam a2200085Ia 4500
008
120527s9999 xx 000 0 und d
100
_a
Hammerisch,S.D
245
_a
Economics is everywhere
942
_c
BK
999
_c
27201
_d
27201